Finis le titre de la chanson #4 - Statistiques

Statistiques générales
  • Ce quiz a été pris 461 fois
  • Le résultat moyen est 18 sur 30
Statistiques - réponses
Artistes Chanson Réponse % Correct
Indochine "J'ai demandé à la..." Lune
99%
Francis Cabrel "Je t'aimais, je t'aime, je t'..." Aimerai
98%
Céline Dion "Pour que tu m'aimes..." Encore
97%
Marc Lavoine "Elle a les yeux..." Revolver
97%
Whitney Houston "I Will Always Love..." You
94%
Jean-Jacques Goldman, Carole Fredericks, Michael Jones "À nos actes..." Manqués
88%
Destiny's Child "Say My..." Name
88%
Michael Jackson "Black or..." White
88%
Michel Jonasz "Les vacances au bord de la..." Mer
87%
Patrick Bruel "Place des grands..." Hommes
84%
Jean-Louis Aubert "Alter..." Ego
78%
Jacques Dutronc "Il est cinq heures, Paris s'..." Eveille
76%
Elvis Presley "Can't Help Falling in..." Love
71%
Niska "Du lundi au..." Lundi
61%
Bob Dylan "Knockin' On Heaven's..." Door
60%
Michel Fugain, Big Bazar "Une belle..." Histoire
58%
Aerosmith "Dream..." On
53%
Patrick Fiori, Jean-Jacques Goldman, Christine Ricol "4 mots sur un..." Piano
53%
PLK "Un peu de..." Haine
47%
The Rolling Stones Paint It,..." Black
44%
Muse "Time is Running..." Out
38%
Daft Punk, Julian Casablancas "Instant..." Crush
35%
Gazo, Tiakola "MAMI..." WATA
34%
Empire Of The Sun "Walking On A..." Dream
26%
Marvin Gaye "Sexual..." Healing
25%
Youssou N'Dour, Neneh Cherry "7..." Seconds
22%
Bruce Springsteen "Streets of..." Philadelphia
21%
Beyoncé, Sean Paul "Baby..." Boy
20%
Dalida "Histoire d'un..." Amour
11%
Cypress Hill "Insane in the..." Brain
7%
Aucun quiz correspondant
Distribution des résultats
% des personnes avec chaque résultat
Percentile par nombre de réponses
Votre historique - résultats
Vous n’avez pas pris ce quiz